000 00648nam a2200241Ia 4500
003 OSt
005 20221007070743.0
006 a|||||r|||| 00| 0
007 ta
008 221006b |||||||| |||| 00| 0 eng d
020 _a9789351298274
024 _a45,557
037 _cTextual
040 _aFLL
_cFLL
_beng
041 _2eng
_aeng
082 _aX7243.2, Q7
100 _aPODDAR Avinash
245 0 _aStep by step guide to GST compliances made easy
260 _aHaryana
_bWolters Kliwer India
_c2017
300 _axxiv,338p.
_ccm.
942 _hX7243.2, Q7
_cTEXL
_2CC
999 _c1141436
_d1141436